Statistics for Name A Valid Formula One Driver per Number

Click here to take the quiz!

General Stats

  • This quiz has been taken 288 times
  • The average score is 19 of 38

Answer Stats

NumberAnswer% Correct
3Daniel Ricciardo
94%
4Max Chilton | Lando Norris
92%
5Sebastian Vettel
92%
44Lewis Hamilton
87%
7Kimi Räikkönen
86%
77Valtteri Bottas
86%
10Kamui Kombayashi | Pierre Gasly
83%
55Carlos Sainz Jr.
82%
63George Russell
81%
33Max Verstappen
81%
11Sergio Pérez
78%
99Adrian Sutil | Antonio Giovinazzi
76%
16Charles Leclerc
76%
6Nico Rosberg | Nicholas Latifi
72%
18Lance Stroll
66%
31Esteban Ocon
62%
8Romain Grosjean
58%
23Alexander Albon
57%
14Fernando Alonso
53%
20Kevin Magnussen
53%
2Stoffel Vandoorne
44%
26Daniil Kvyat
41%
88Rio Haryanto | Robert Kubica
41%
17Jules Bianchi
37%
27Nico Hülkenberg
37%
13Pastor Maldonado
25%
22Jenson Button
24%
9Marcus Ericsson
24%
94Pascal Wehrlein
22%
19Felipe Massa
20%
12Felipe Nasr
14%
25Jean-Éric Vergne
11%
30Jolyon Palmer
11%
35Sergey Sirotkin
10%
53Alexander Rossi
9%
21Esteban Gutiérrez
9%
98Roberto Merhi
9%
28Will Stevens | Brendon Hartley
3%

Score Distribution

Percentile by Number Answered

Percent of People with Each Score

Your Score History

You have not taken this quiz